Učebnica na lety podľa prístrojov

Podrobná bibliografia
Hlavný autor: Jůn, František (Autor)
Médium: Kniha
Jazyk:slovenčina
PhysicalDescription:191 s. fotogr., ilustr., sch., tab. 26 cm
Vydavateľské údaje: Bratislava Dolis 2015
ISBN:9788081810497
Vydanie:1. vyd.
Predmet:

MARC

LEADER 00000nam a2200000 a 4500
001 vtls011535165
003 SK-MaSNL
005 20260301135005.0
008 240318s2015 xo oa e n 000 0 slo
015 |a SNBA2016/04 
020 |a 9788081810497  |q (viaz.) 
035 |a urn:nbn:sk:snk-am00bdua 
035 |a urn:nbn:sk:snk-am3h9i3 
035 |a 96280389-5156-482C-A9BF-21A7BC454C66 
040 |a SNK  |b slo  |c SNK  |e AACR2 
041 0 |a slo 
044 |a xo  |c SK 
072 7 |a 629  |x Dopravné prostriedky  |2 konspekt 
080 |a 629.7.072.116  |2 2011 
080 |a (075.8)  |2 2011 
080 |a 629.072  |2 2011 
100 1 |a Jůn, František  |4 aut  |9 489685 
245 1 0 |a Učebnica na lety podľa prístrojov  |c František Jůn 
250 |a 1. vyd. 
260 |a Bratislava  |b Dolis  |c 2015 
300 |a 191 s.  |b fotogr., ilustr., sch., tab.  |c 26 cm 
366 |e 150 výt. 
504 |a Bibliogr.: s. 189-191 ; zoz. skrat. a symbolov ; zoz. ilustr. a tab. 
650 0 7 |a letecká navigácia  |2 SNKPH  |9 85234 
650 0 7 |a Air navigation  |2 SNKPHeng  |9 316237 
650 0 7 |a rádionavigácia  |2 SNKPH  |9 93962 
650 0 7 |a Radio navigation  |2 SNKPHeng  |9 319416 
655 7 |a učebnice vysokých škôl  |2 SNKPH  |9 70191 
655 7 |a Textbooks (higher)  |2 SNKPHeng  |9 276436 
919 |a 978-80-8181-049-7 
958 |a NB 
999 |c 758713  |d 760643 
952 |a SNK  |b SNK  |y PREZ  |7 0  |p 17A1183079  |o snkSB 89802  |i snk2016/7444  |8 0  |0 0  |1 0  |4 0  |d 2016-03-16  |f 1  |l 0  |r 2025-05-12 00:00:00  |w 2026-02-23 
952 |a SNK  |b SNK  |y VYP  |7 0  |p 17A1183080  |o snkSB 89802 D1  |i snk2016/7445  |8 0  |0 0  |1 0  |4 0  |d 2016-03-16  |l 0  |r 2026-02-23 23:56:35  |w 2026-02-23